Cahiers des sciences humaines. (Record no. 12100)
[ view plain ]
| 000 -LEADER | |
|---|---|
| fixed length control field | 00489cam a22001695a 4500 |
| 040 ## - CATALOGING SOURCE | |
| Transcribing agency | PUL |
| 082 ## - DEWEY DECIMAL CLASSIFICATION NUMBER | |
| Classification number | 300 ADI 1993 A018 Or. |
| 245 00 - TITLE STATEMENT | |
| Title | Cahiers des sciences humaines. |
| Remainder of title | hors série / |
| 246 30 - VARYING FORM OF TITLE | |
| Title proper/short title | Trente ans |
| 260 ## - PUBLICATION, DISTRIBUTION, ETC. (IMPRINT) | |
| Place of publication | Paris : |
| Name of publisher | Editions de l'ORSTOM, |
| Year of publication | 1993. |
| 300 ## - PHYSICAL DESCRIPTION | |
| Number of Pages | 195 p. ; |
| Dimensions | 24 cm. |
| 500 ## - GENERAL NOTE | |
| General note | Includes a table and index to the serial for the years 1963-1992. |
| 650 #0 - SUBJECT ADDED ENTRY--TOPICAL TERM | |
| Topical Term | Human geography |
| 700 1# - ADDED ENTRY--PERSONAL NAME | |
| Personal name | Boutillier, J. L. |
| 700 1# - ADDED ENTRY--PERSONAL NAME | |
| Personal name | Goudineau, Yves. |
| 942 ## - ADDED ENTRY ELEMENTS (KOHA) | |
| Koha item type | សៀវភៅភាសាបារាំង |
| 952 ## - LOCATION AND ITEM INFORMATION (KOHA) | |
| Withdrawn status [LOCAL, KOHA] | 0 |
| Permanent Location | Date acquired | Koha item type | Lost status | Shelving location | Barcode | Current Location | Full call number |
|---|---|---|---|---|---|---|---|
| Library Block A | 2017-08-10 | សៀវភៅភាសាបារាំង | A018 | A10000 | Library Block A | 300 ADI 1993 A018 Or. |